Studio Accantus - Kto śpiewał tą piosenkę? (Solo) - Statystyki

Ogólne statystyki
  • Ten quiz został rozwiązany 16 razy
  • Średni wynik to 16 z 40
Statystyki odpowiedzi
Rok Piosenka Artysta Accantusowy % Poprawnych
2013 Sznurki władzy(Rudolf: Afera Mayerling) Adrian Wiśniewski
91%
2013 Zrobię z was mężczyzn (Mulan) Kuba Jurzyk
64%
2014 Nigdy nie ulegnę (Mustang z Dzikiej Doliny) Kuba Jurzyk
64%
2020 No nie (SIX) Małgorzata Chruściel
64%
2017 Pod drzewem (Igrzyska śmierci: Kosogłos) Sylwia Banasik
64%
2021 Nie trać głowy (SIX) Aleksandra Lewicka
55%
2015 Nie mówcie "tak" (Smash) Bartek Kozielski
55%
2020 Powstanę (Harriet) Małgorzata Chruściel
55%
2013 Jesteś mój (Rudolf: Afera Mayerling) Natalia Piotrowska-Paciorek
55%
2018 Czegoś brak (Hamilton) Paulina Grochowska
55%
2022 Gratulacje (Hamilton) Paulina Grochowska
55%
2014 Mam tę moc (Kraina Lodu) Sylwia Przetak
55%
2019 Gdzie nie sięga wzrok (Kraina Lodu II) Sylwia Przetak / Kuba Jurzyk
55%
2017 Piękno jak nóż (Mozart) Adrian Wiśnniewski
45%
2022 Zmarło mamo (Beetlejuice) Aleksandra Lewicka
45%
2018 Czas katedr (Notre-Dame de Paris) Janek Traczyk
45%
2015 Daj skok (Aladdin) Karol Osentowski
45%
2014 Szyba (Metro) Natalia Piotrowska-Paciorek
45%
2014 Dobrą być nie popłaca (Wicked) Sylwia Banasik
45%
2016 Wilcza zamieć (Wiedźmin) Sylwia Banasik
45%
2018 Miasto (Miasto 44) Zuzanna Makowska
45%
2017 Przyjdzie czas (Hamilton) Kamil Dominiak
36%
2018 Song Heroda (Jesus Christ Superstar) Kamil Zięba
36%
2018 Getsemani (Jesus Christ Superstar) Marcin Franc
36%
2020 Loyal Brave True (Mulan) Patrycja Mizerska
36%
2016 Nie miało być tak (Jesus Christ Superstar) Paweł Izdebski
36%
2017 Jestem tutaj (Dear Evan Hansen) Paweł Skiba
36%
2013 Droga mi niestraszna (Hercules) Wiktor Korszla
36%
2019 Gdybyś tu był (Demi Lovato) Aleksandra Gotowicka
27%
2015 Na morza dnie (Mała Syrenka) Kamil Dominiak
27%
2015 Ta melodia gra we mnie (Anastazja) Karolina Warchoł
27%
2015 Przyjdzie czas (Król Lew) Krzysztof Szczepaniak
27%
2021 Czy to grzech (Notre Dame de Paris) Sebastian Machalski
27%
2013 Lustro (Mulan) Magdalena Wasylik
18%
2017 Drobnostka (Vaiana: Skarb Oceanu) Michał Węgrzyński
18%
2023 Stąpając po linie (The Greatest Showman) Natalia Piotrowska-Paciorek
18%
2018 Bonnie (Bonnie & Clyde) Paweł Izdebski
18%
2014 Tej historii bieg (Piękna i Bestia) Zuzanna Makowska
18%
2014 Z dna piekieł (Dzwonnik z Notre Dame) Jarek Oberek
9%
2019 Nadszedł czas (The Greatest Showman) Paweł Izdebski
9%
Nie znaleziono quizów pasujących do podanych kryteriów
Rozkład punktacji
Procent ludzi z każdym wynikiem
Percentyl według liczby udzielonych odpowiedzi
Twoja historia wyników
Nie rozwiązałeś tego quizu